000 00908nam0a22002651 4500
001 rc\4760896
005 20250613074840.0
021 _aRU
_b[60-74024]
035 _a(NLR Aleph) 009016823
090 _a9402956
_c9402956
100 _a20130417d1960 |||y0rusy50 ca
101 0 _arus
102 _aRU
105 _ay z |||||
200 1 _aРоль общественности в борьбе с пережитками прошлого
210 _aМахачкала
_cДагкнигоиздат
_d1960
215 _a29 с.
_d20
606 _aКоммунистическое воспитание
_2psbo
606 _aПережитки капитализма в сознании людей
_2psbo
700 1 _aМагомаев
_bМ.-А.О.
_gМагомед-Амин Омарович
801 0 _aRU
_bNLR
_gpsbo
801 1 _aRU
_bELAR
_2rusmarc
852 _aNLR
_j60-4/13688
942 _cBOOK
980 _aNB